| Tag |
First Indicator |
Second Indicator |
Subfields |
| LEADER |
00000cam a2200000 4500 |
| 001 |
in00000038137 |
| 005 |
20151007080842.0 |
| 008 |
720310s1955 eng u |
| 010 |
|
|
|a 55000568
|
| 035 |
|
|
|a (OCoLC)00260925
|
| 035 |
|
|
|9 AAF5484AM
|
| 040 |
|
|
|c WSU
|d TXA
|d UtOrBLW
|
| 049 |
|
|
|a TXAM
|c 2 [253262]
|
| 050 |
|
0 |
|a HQ799.J3
|b S8
|
| 090 |
|
|
|a HQ799.J3
|b S8 1955
|
| 092 |
|
|
|a 301.1584
|b S872w
|
| 100 |
1 |
|
|a Stoetzel, Jean.
|
| 245 |
1 |
0 |
|a Without the chrysanthemum and the sword.
|
| 264 |
|
1 |
|a [Place of publication not identified] :
|b Columbia University Press,
|c 1955.
|
| 300 |
|
|
|a 334 pages
|
| 336 |
|
|
|a text
|b txt
|2 rdacontent
|
| 337 |
|
|
|a unmediated
|b n
|2 rdamedia
|
| 338 |
|
|
|a volume
|b nc
|2 rdacarrier
|
| 504 |
|
|
|a Includes bibliographies.
|
| 650 |
|
0 |
|a Youth
|z Japan.
|
| 999 |
|
|
|a MARS
|
| 999 |
f |
f |
|s a8b5b9bd-dcd0-378d-b257-326c741850da
|i 9ebeb3f5-8767-36d9-9667-f4874331b5fa
|t 0
|
| 952 |
f |
f |
|p ric
|a Texas A&M University
|b Rellis Campus
|c Joint Library Facility
|d Remote Storage
|t 0
|e HQ799.J3 S8 1955
|h Library of Congress classification
|i unmediated -- volume
|m A14800639123
|
| 998 |
f |
f |
|a HQ799.J3 S8 1955
|t 0
|l Remote Storage
|